<?xml version="1.0" encoding="UTF-8"?>
<record
    xmlns:xsi="http://www.w3.org/2001/XMLSchema-instance"
    xsi:schemaLocation="http://www.loc.gov/MARC21/slim http://www.loc.gov/standards/marcxml/schema/MARC21slim.xsd"
    xmlns="http://www.loc.gov/MARC21/slim">

  <leader>02065nam a2200301   4500</leader>
  <controlfield tag="003">OSt</controlfield>
  <controlfield tag="005">20221013151341.0</controlfield>
  <controlfield tag="008">220505s2007    ck ||||gr|||| 00| 0 spa d</controlfield>
  <datafield tag="020" ind1=" " ind2=" ">
    <subfield code="a">9789583019159</subfield>
  </datafield>
  <datafield tag="040" ind1=" " ind2=" ">
    <subfield code="a">CO-JMCR</subfield>
    <subfield code="c">CO-JMCR</subfield>
  </datafield>
  <datafield tag="041" ind1="1" ind2=" ">
    <subfield code="a">spa</subfield>
    <subfield code="h">fre</subfield>
  </datafield>
  <datafield tag="082" ind1="0" ind2="4">
    <subfield code="a">152.41 / </subfield>
    <subfield code="b">H519c</subfield>
    <subfield code="2">23</subfield>
  </datafield>
  <datafield tag="100" ind1="1" ind2=" ">
    <subfield code="a">Henriot, Jean-Marc</subfield>
    <subfield code="d">autor</subfield>
    <subfield code="9">42058</subfield>
  </datafield>
  <datafield tag="245" ind1="1" ind2="3">
    <subfield code="a">El coraz&#xF3;n cambiante : </subfield>
    <subfield code="b">peque&#xF1;o manual de supervivencia afectiva / </subfield>
    <subfield code="c">Jean-Marc Henriot ; traducci&#xF3;n, Teresa Santos Rojas </subfield>
  </datafield>
  <datafield tag="250" ind1=" " ind2=" ">
    <subfield code="a">Primera edici&#xF3;n</subfield>
  </datafield>
  <datafield tag="260" ind1=" " ind2=" ">
    <subfield code="a">Bogot&#xE1; : </subfield>
    <subfield code="b">Panamericana, </subfield>
    <subfield code="c">2007.</subfield>
  </datafield>
  <datafield tag="300" ind1=" " ind2=" ">
    <subfield code="a">342 p&#xE1;ginas ; </subfield>
    <subfield code="c">23 cm.</subfield>
  </datafield>
  <datafield tag="490" ind1="0" ind2=" ">
    <subfield code="a">Colecci&#xF3;n en armon&#xED;a</subfield>
  </datafield>
  <datafield tag="504" ind1=" " ind2=" ">
    <subfield code="a">Bibliograf&#xED;a: p&#xE1;ginas 341-342</subfield>
  </datafield>
  <datafield tag="505" ind1="0" ind2=" ">
    <subfield code="a">La complejidad humana -- Fronteras -- Un sufrimiento de mujer -- El caballero en su armadura -- Paradojas del amor -- El arte del boxeo conyugal -- Peque&#xF1;o manual de supervivencia -- El coraz&#xF3;n cambiante -- Comunicaci&#xF3;n confusa -- Control de la violencia -- El verdugo interno -- Malestar-bienestar</subfield>
  </datafield>
  <datafield tag="520" ind1="0" ind2=" ">
    <subfield code="a">Triunfar en la vida consiste, tambi&#xE9;n, en darnos la oportunidad de establecer relaciones felices con los dem&#xE1;s y con nosotros mismos, para vivir en plenitud nuestros comportamientos afectivos. Eso necesita descifrar antes, nuestra complejidad ps&#xED;quica y emocional aparente.
Nuestra psiquis est&#xE1; constituida por distintas personalidades, fruto de nuestras experiencias; alberga desde el ni&#xF1;o que fuimos, hasta las im&#xE1;genes de nuestros padres y las figuras importantes de nuestra historia, los roles que desempe&#xF1;amos, nuestros afectos, etc.
El coraz&#xF3;n cambiante nos muestra la posibilidad de administrar este incre&#xED;ble mosaico interno, que determina nuestras actitudes y que nos corresponde pues explorar y organizar, para evolucionar.</subfield>
  </datafield>
  <datafield tag="546" ind1=" " ind2=" ">
    <subfield code="a">T&#xED;tulo original: Le caer m&#xE9;tamorphe</subfield>
  </datafield>
  <datafield tag="650" ind1="1" ind2="4">
    <subfield code="a">Relaciones de pareja</subfield>
    <subfield code="x">Psicolog&#xED;a </subfield>
    <subfield code="9">42059</subfield>
  </datafield>
  <datafield tag="650" ind1="2" ind2="4">
    <subfield code="a">Problemas de pareja</subfield>
    <subfield code="x">Psicolog&#xED;a </subfield>
    <subfield code="9">42060</subfield>
  </datafield>
  <datafield tag="650" ind1="2" ind2="4">
    <subfield code="a">Paradojas del amor</subfield>
    <subfield code="x">Psicolog&#xED;a </subfield>
    <subfield code="9">42061</subfield>
  </datafield>
  <datafield tag="700" ind1="1" ind2=" ">
    <subfield code="a">Santos Rojas, Teresa, </subfield>
    <subfield code="e">traductora</subfield>
    <subfield code="9">42062</subfield>
  </datafield>
  <datafield tag="942" ind1=" " ind2=" ">
    <subfield code="2">ddc</subfield>
    <subfield code="c">BK</subfield>
  </datafield>
  <datafield tag="999" ind1=" " ind2=" ">
    <subfield code="c">29213</subfield>
    <subfield code="d">15867</subfield>
  </datafield>
  <datafield tag="952" ind1=" " ind2=" ">
    <subfield code="0">0</subfield>
    <subfield code="1">0</subfield>
    <subfield code="2">ddc</subfield>
    <subfield code="4">0</subfield>
    <subfield code="7">0</subfield>
    <subfield code="a">CPL</subfield>
    <subfield code="b">CPL</subfield>
    <subfield code="c">PROC</subfield>
    <subfield code="d">0000-00-00</subfield>
    <subfield code="e">Donaci&#xF3;n</subfield>
    <subfield code="l">2</subfield>
    <subfield code="o">152.41 /  H519c</subfield>
    <subfield code="p">201811542</subfield>
    <subfield code="q">2022-12-14</subfield>
    <subfield code="r">2022-12-05 00:00:00</subfield>
    <subfield code="s">2022-12-05</subfield>
    <subfield code="t">Ej.1</subfield>
    <subfield code="w">2022-05-05</subfield>
    <subfield code="y">BK</subfield>
  </datafield>
</record>
